000 00907nam a2200217 a 4500
003 0
005 20250502155019.0
008 021114s19uu xx 00 eng d
050 _aPGS PN 4121
_b.Se487 2002
100 _aSerrano, Martin Timothy L.
245 _aPerceptions of selected grade school students of Southville International School on public speaking /
_cMartin Timothy L. Serrano.
260 _aLas PiƱas City, Philippines :
_bSouthville International School and Colleges,
_c2002.
300 _a29 pages :
_bcolored illustrations ;
_c28 cm.
504 _aIncludes bibliographic references.
650 _aPublic speaking
_vStudy and teaching (Elementary).
650 _aPublic speaking
_vPsychological aspects.
650 _aOral communication
_vElementary education.
650 _aStudent attitudes
_vPublic speaking.
650 _aSelf-expression
_vSchool children.
942 _2lcc
_cPASS
999 _c96655
_d96655